Beatles Song Lyrics Challenge [Casual] - Statistics

General Stats
  • This quiz has been taken 1,099 times
    1,088 since last reset
  • The average score is 14 of 25
Answer Stats
Hint Answer % Correct
How many days in a week do they have nothing but love? Eight
97%
What should Jude do with a sad song? Make it better
97%
Which part of you do the Beatles want to hold? [When they touch you, they feel happy inside.] Hand
91%
Who comes to Paul in times of trouble, speaking words of wisdom? Mother Mary
85%
What is all you need, so there's nothing you can do that can't be done? Love
83%
She picks up the rice in a church where her wedding has been. Eleanor Rigby
82%
Paul meanwhile sees a barber showing photographs on this street. Penny Lane
81%
John wants to take you down because he's going to this place. Strawberry Fields
80%
What does John need from somebody, not just anybody? He never needed this when he was younger, so much younger than today. Help!
76%
What seemed so far away yesterday, but now looks as though they're here to stay? All Paul's troubles
72%
Paul wants to introduce to you, this act you've known for all these years: Sgt. Pepper's Lonely Hearts Club Band
65%
What helps Ringo [and all of us, apparently] live beneath the waves? A yellow submarine
63%
What does George see coming that makes him think it's alright? The Sun
57%
You think you've lost your love? I saw her yesterday, and she told me what to say. She says: She loves you
54%
The Top Notes want you to do these after shaking it up, baby. Twist
52%
The Top Notes want you to do these after shaking it up, baby. Shout
50%
What happens while George looks at the world and he notices it's turning? His guitar gently weeps
42%
Who called John in a boat on a river with tangerine trees and marmalade skies? a girl with kaleidoscope eyes
38%
What does old flattop use to see as he come groovin' up slowly? Joo-joo eyeball
36%
Last night John said these words to his girl: I know you never even try, girl
35%
What is one thing John [or Mr. No Shoeshine] can tell you? You've got to be free
22%
Who do John and Paul want to [love them do]? Someone like you
14%
Who do John and Paul want [to love them do]? Someone to love
14%
What is Paul willing to do, my friend, if it makes you feel alright? Buy you diamond rings
13%
Who do John and Paul want to [love them do]? Somebody new
13%
No matching quizzes found
Score Distribution
Percent of People with Each Score
Percentile by Number Answered
Your Score History
You have not taken this quiz since the last reset